Attitude, sentiment de compétence et niveau d'implication des policiers et des intervenant-e-s psychosociaux-ales face a la femme violentée par son conjoint
| Autores principales: | ; ; |
|---|---|
| Tipo de documento: | Print Libro |
| Lenguaje: | Francés |
| Publicado: |
Québec
Groupe de Recherche Multidisciplinaire Féministe, Univ. Laval
1988
|
| En: |
Les cahiers de recherche du GREMF (18)
Año: 1988 |
| Disponibilidad en Tübingen: | Disponible en Tübingen. UB: KB 8 E 2579 |
| Verificar disponibilidad: | HBZ Gateway |
| Servicio de pedido Subito: | Pedir ahora. |
MARC
| LEADER | 00000cam a2200000 c 4500 | ||
|---|---|---|---|
| 001 | 1087377110 | ||
| 003 | DE-627 | ||
| 005 | 20251224220147.0 | ||
| 007 | tu | ||
| 008 | 890320s1988 xx ||||| 00| ||fre c | ||
| 020 | |a 2893640184 |9 2-89364-018-4 | ||
| 035 | |a (DE-627)1087377110 | ||
| 035 | |a (DE-576)017377110 | ||
| 035 | |a (DE-599)BSZ017377110 | ||
| 035 | |a (OCoLC)21673545 | ||
| 040 | |a DE-627 |b ger |c DE-627 |e rakwb | ||
| 041 | |a fre | ||
| 082 | 0 | |a 364.1/5553/09714 | |
| 100 | 1 | |a Lavoie, Francine |4 aut | |
| 245 | 1 | 0 | |a Attitude, sentiment de compétence et niveau d'implication des policiers et des intervenant-e-s psychosociaux-ales face a la femme violentée par son conjoint |c Francine Lavoie; Geneviève Martin; Marie Jacob |
| 264 | 1 | |a Québec |b Groupe de Recherche Multidisciplinaire Féministe, Univ. Laval |c 1988 | |
| 300 | |a 38 S. | ||
| 336 | |a Text |b txt |2 rdacontent | ||
| 337 | |a ohne Hilfsmittel zu benutzen |b n |2 rdamedia | ||
| 338 | |a Band |b nc |2 rdacarrier | ||
| 490 | 1 | |a Les cahiers de recherche du GREMF |v 18 | |
| 583 | 1 | |a Archivierung prüfen |c 20200919 |f DE-640 |z 1 |2 pdager | |
| 700 | 1 | |a Martin, Genevie`ve |d 1931- |0 (DE-588)124771084 |0 (DE-627)706709101 |0 (DE-576)186586035 |4 aut | |
| 700 | 1 | |a Jacob, Marie |4 aut | |
| 810 | 2 | |a Université Laval |b Groupe de recherche et d'échange multidisciplinaires féministes |t Les cahiers de recherche du GREMF |v 18 |9 18 |w (DE-627)1087377196 |w (DE-576)017377196 |7 am | |
| 951 | |a BO | ||
| ELC | |b 1 | ||
| LOK | |0 000 xxxxxcx a22 zn 4500 | ||
| LOK | |0 001 2127883527 | ||
| LOK | |0 003 DE-627 | ||
| LOK | |0 004 1087377110 | ||
| LOK | |0 005 20151030135927 | ||
| LOK | |0 008 890320||||||||||||||||ger||||||| | ||
| LOK | |0 040 |a DE-21 |c DE-627 |d DE-21 | ||
| LOK | |0 852 |a DE-21 | ||
| LOK | |0 852 1 |c KB 8 E 2579 |9 00 | ||
| LOK | |0 935 |a krim | ||
| LOK | |0 939 |a 20-03-89 |b l01 | ||
| ORI | |a SA-MARC-krimdoka001.raw | ||
| SIG | |a UB: KB 8 E 2579 | ||
